000 00500nam a2200169 i 4500
001 22919
003 ES-MaACL
005 20250717065806.0
007 t|
008 021205s1889 sp ||||1| spa d
100 1 _aÁlvarez Sereix, Rafael,
_d1856-1946
_920966
245 1 0 _aEstudios contemporáneos
_b: ciencia y literatura /
_cRafael Alvarez Sereix.
260 _aMadrid :
_bMoreno Rojas,
_c1889.
300 _a284 p. ;
_c17 cm.
852 _aES-MaACL
_jF-5356
999 _c22919
_d22919